[Event "URU-chT3"]
[Site "Montevideo"]
[Date "2023.07.23"]
[Round "5.4"]
[White "De Los Santos, Hector1111"]
[Black "Galli, Lisandro"]
[Result "1-0"]
[WhiteElo "1613"]
[BlackElo "1180"]
[PlyCount "63"]
[EventDate "2023.07.21"]
[EventType "swiss"]
[EventRounds "5"]
[EventCountry "URU"]
[SourceTitle "EXT 2024"]
[Source "ChessBase"]
[SourceDate "2023.10.10"]
[SourceVersion "1"]
[SourceVersionDate "2023.10.10"]
[SourceQuality "1"]
[WhiteTeam "Mijail Tal II"]
[BlackTeam "La Proa Outsiders"]
[WhiteTeamCountry "URU"]
[BlackTeamCountry "URU"]

1. d4 f5 2. Bg5 d6 3. e3 Nd7 4. Bc4 Ngf6 5. Nc3 Nb6 6. Bb3 e6 7. Nge2 Be7 8. Nf4 d5 9. Bxf6 Bxf6 10. Qh5+ Ke7 11. 0-0-0 Bd7 12. g4 g5 13. Nd3 Be8 14. Qh3 fxg4 15. Qxg4 h5 16. Qg2 h4 17. h3 Bh5 18. Rde1 Rg8 19. f3 a5 20. a3 Nc4 21. e4 Bxd4 22. exd5 Be3+ 23. Rxe3 Nxe3 24. Qe2 Bxf3 25. Qxf3 Nf5 26. dxe6 Rf8 27. Nd5+ Kd6 28. Qe4 Ng3 29. Qe5+ Kc6 30. Re1 Rf5 31. Qc3+ Kb5 32. Qc4# 1-0

[Event "URU-chT3"]
[Site "Montevideo"]
[Date "2023.07.22"]
[Round "2.4"]
[White "Belsito, Ivan"]
[Black "Galli, Lisandro"]
[Result "1/2-1/2"]
[WhiteElo "1318"]
[BlackElo "1180"]
[PlyCount "67"]
[EventDate "2023.07.21"]
[EventType "swiss"]
[EventRounds "5"]
[EventCountry "URU"]
[SourceTitle "EXT 2024"]
[Source "ChessBase"]
[SourceDate "2023.10.10"]
[SourceVersion "1"]
[SourceVersionDate "2023.10.10"]
[SourceQuality "1"]
[WhiteTeam "Cerro Nau64 J"]
[BlackTeam "La Proa Outsiders"]
[WhiteTeamCountry "URU"]
[BlackTeamCountry "URU"]

1. e4 e5 2. Nc3 Nf6 3. Bc4 Bc5 4. d3 d6 5. Nge2 Nc6 6. 0-0 Bg4 7. Kh1 Nd4 8. f3 Nxe2 9. Qxe2 Bh5 10. Na4 0-0 11. Nxc5 dxc5 12. Bg5 c6 13. Qd2 a5 14. a4 Rb8 15. f4 Nxe4 16. Qe3 Nxg5 17. fxg5 Qd4 18. Qxd4 cxd4 19. Rae1 Rbe8 20. Rf2 Kh8 21. Ref1 e4 22. dxe4 Rxe4 23. h3 Re7 24. g4 Bg6 25. h4 Be4+ 26. Kh2 Bd5 27. Bxd5 cxd5 28. h5 Kg8 29. g6 hxg6 30. hxg6 f6 31. g5 Re6 32. Kg3 Re3+ 33. Kg2 Re6 34. Kg3 1/2-1/2

[Event "Pan American-ch U10"]
[Site "Montevideo"]
[Date "2022.06.27"]
[Round "3"]
[White "Galli, Lisandro"]
[Black "Ruiz Bolanos, Eithan"]
[Result "0-1"]
[WhiteElo "1103"]
[BlackElo "1233"]
[PlyCount "86"]
[EventDate "2022.06.26"]
[EventType "swiss"]
[EventRounds "9"]
[EventCountry "URU"]
[SourceTitle "EXT 2023"]
[Source "ChessBase"]
[SourceDate "2022.10.05"]
[SourceVersion "1"]
[SourceVersionDate "2022.10.05"]
[SourceQuality "1"]

1. d4 Nf6 2. e3 g6 3. Bd3 Bg7 4. Nf3 d6 5. Nbd2 0-0 6. 0-0 Nc6 7. e4 e5 8. dxe5 Nxe5 9. Be2 Re8 10. Nxe5 dxe5 11. Bd3 Be6 12. Nf3 Nd7 13. Bg5 f6 14. Be3 Qe7 15. Bb5 c6 16. Be2 Red8 17. Qc1 Nc5 18. Nd2 Nd7 19. Nf3 Nb6 20. Bh6 Rd7 21. Qe3 Nc4 22. Bxc4 Bxc4 23. Rfd1 Bxh6 24. Qxh6 Be2 25. Rxd7 Qxd7 26. Nd2 Rd8 27. Nf1 Qd4 28. Qe3 Bxf1 29. Rxf1 Qxe3 30. fxe3 Kf7 31. c4 Rd3 32. Re1 Rd2 33. Rb1 Re2 34. Rd1 Ke7 35. Rd3 Rxb2 36. Rb3 Rxb3 37. axb3 Kd6 38. b4 b6 39. Kf2 a5 40. Ke2 axb4 41. Kd2 Kc5 42. Kd3 b3 43. Kc3 b2 0-1

[Event "Montevideo Reina Reyes op 14th"]
[Site "Montevideo"]
[Date "2020.02.16"]
[Round "5"]
[White "Macedonio, Mauricio"]
[Black "Galli, Lisandro"]
[Result "1-0"]
[WhiteElo "1066"]
[BlackElo "1162"]
[PlyCount "91"]
[EventDate "2020.02.15"]
[EventType "swiss"]
[EventRounds "5"]
[EventCountry "URU"]
[SourceTitle "CBM 195 Extra"]
[Source "ChessBase"]
[SourceDate "2020.05.31"]
[SourceVersion "1"]
[SourceVersionDate "2020.05.31"]
[SourceQuality "1"]

1. e4 e5 2. Nf3 Nf6 3. Nc3 Nc6 4. Bc4 d6 5. d3 Bg4 6. Be3 Be6 7. Bxe6 fxe6 8. 0-0 d5 9. exd5 exd5 10. Bg5 Be7 11. Re1 e4 12. dxe4 dxe4 13. Qxd8+ Rxd8 14. Nxe4 Nxe4 15. Rxe4 h6 16. Bxe7 Nxe7 17. Rae1 Rd7 18. Ne5 Rd2 19. Ng6 Rh7 20. Rxe7+ Kd8 21. Re8+ Kd7 22. Nf8+ Kc6 23. Nxh7 Rxc2 24. R8e7 Rxb2 25. Rxg7 Rxa2 26. Rg6+ Kb5 27. Rxh6 c5 28. Rb1+ Ka4 29. h3 c4 30. Rxb7 Ra1+ 31. Kh2 Ra3 32. Rxa7+ Kb3 33. Rxa3+ Kxa3 34. Rc6 Kb3 35. Rxc4 Kxc4 36. g4 Kd5 37. g5 Ke6 38. Kg3 Kf7 39. f4 Kg7 40. h4 Kxh7 41. Kg4 Kg6 42. h5+ Kh7 43. Kf5 Kg7 44. h6+ Kh8 45. Kf6 Kg8 46. g6 1-0

[Event "Montevideo Reina Reyes op 14th"]
[Site "Montevideo"]
[Date "2020.02.15"]
[Round "2"]
[White "Galli, Lisandro"]
[Black "Quintieri, Mathias"]
[Result "0-1"]
[WhiteElo "1162"]
[BlackElo "1327"]
[PlyCount "68"]
[EventDate "2020.02.15"]
[EventType "swiss"]
[EventRounds "5"]
[EventCountry "URU"]
[SourceTitle "CBM 195 Extra"]
[Source "ChessBase"]
[SourceDate "2020.05.31"]
[SourceVersion "1"]
[SourceVersionDate "2020.05.31"]
[SourceQuality "1"]

1. e4 c5 2. Bc4 d6 3. Nf3 Nf6 4. Ng5 e6 5. d3 a6 6. c3 b5 7. Bb3 Be7 8. Nf3 Bb7 9. 0-0 0-0 10. Bc2 Nbd7 11. Bd2 Qc7 12. Qc1 d5 13. exd5 Bxd5 14. Bh6 Ng4 15. h3 Nxh6 16. Kh1 Bxf3 17. gxf3 Qc6 18. Nd2 Ne5 19. Ne4 Nxf3 20. Bd1 Bg5 21. Nxg5 Nxg5+ 22. Kh2 Qd6+ 23. Kh1 Qd5+ 24. f3 Qxd3 25. Bc2 Qd5 26. Kh2 Nxf3+ 27. Kg3 Nf5+ 28. Bxf5 Nd2 29. Rd1 Qf3+ 30. Kh2 Qf2+ 31. Kh1 Nf3 32. Rd2 Nxd2 33. Qc2 exf5 34. Rd1 Rad8 0-1